000 00288nam a22001337a 4500
008 170328b xxu||||| |||| 00| 0 eng d
020 _a2900131888325
041 _aeng
080 _26 ED
_a796.3
100 _a8
101 _aSHM
245 _aADULT HOOD
_cBJORKLUND.B.R
942 _2udc
_cBK
999 _c8864
_d8864